000 00947nam a22003137a 4500
003 CHAP
005 20240507112930.0
008 100618s2002 us a r 00010 eng d
010 _a98758
011 _a99730
020 _a9780387953519
035 _a110416
040 _cCHAP
082 1 4 _a519.55
_bB78
100 1 _aBrockwell, Pedro J.
_915485
245 1 0 _aIntroduction to time series and forecasting
_c/por Peter J. Brockwell y Richard A. Davis
250 _a2 ed.
260 _aNew York, US. :
_bSpringer,
_c2002
300 _a434 p. + I CD 4 3/4 plg.
590 _aBATCH-UPD
_b10
_c20130110
590 _aBATCH-UPD
_b10
_c20130410
590 _aBATCH-UPD
_b10
_c20130914
590 _aCONVERSION
_b10
_c20130109
650 1 4 _aAnĂ¡lisis de series de tiempo.
_95975
700 1 _aDavis, Richard A.
_931291
901 _aBK
942 _cLIBRO
_2ddc
949 _a519.55 B78
_bBC
_cLIBRO
_d33724002200603
_eLIBRO
_gI.c/e
_h112914
_i110416
_si
999 _c98758
_d98758